ARRUPE JESUIT UNIVERSITY

CORONAVIRUS -STOP THE SPREAD - CLEAN,DISINFECT,COVER

Music Theory (Record no. 30394)

MARC details
000 -LEADER
fixed length control field 00469nam a2200205Ia 4500
003 - CONTROL NUMBER IDENTIFIER
control field 0100
008 - FIXED-LENGTH DATA ELEMENTS--GENERAL INFORMATION
fixed length control field 130303s9999 xx 000 0 und d
040 ## - CATALOGING SOURCE
Transcribing agency ARRUPELIB
050 ## - LIBRARY OF CONGRESS CALL NUMBER
Classification number MT40.J66 1974
100 ## - MAIN ENTRY--PERSONAL NAME
Personal name Jones, George Thaddeus
245 ## - TITLE STATEMENT
Title Music Theory
260 ## - PUBLICATION, DISTRIBUTION, ETC. (IMPRINT)
Place of publication, distribution, etc NY
260 ## - PUBLICATION, DISTRIBUTION, ETC. (IMPRINT)
Name of publisher, distributor, etc Barnes Noble Books Inc
260 ## - PUBLICATION, DISTRIBUTION, ETC. (IMPRINT)
-- 1974
300 ## - PHYSICAL DESCRIPTION
Extent 310p
650 ## - SUBJECT ADDED ENTRY--TOPICAL TERM
Topical term following geographic name as entry element Moral development
650 ## - SUBJECT ADDED ENTRY--TOPICAL TERM
Location of event Piaget theories
650 ## - SUBJECT ADDED ENTRY--TOPICAL TERM
Active dates Kohlberg theories
942 00 - ADDED ENTRY ELEMENTS (KOHA)
Koha issues (borrowed), all copies 1
Holdings
Withdrawn status Lost status Source of classification or shelving scheme Damaged status Not for loan Collection code Home library Current library Shelving location Date acquired Total Checkouts Full call number Barcode Date last seen Date checked out Copy number Price effective from Koha item type
    Library of Congress Classification     Main Collection ARRUPE LIBRARY ARRUPE LIBRARY   04/03/2013 3 MT40.J66 1974 46003051985 03/07/2018 07/05/2016 1 04/03/2013 Monograph ( Printed materials)

 

Arrupe Library. PO Box MP320 Mt Pleasant, Harare, Zimbabwe
263 242 745411|librarian@aju.ac.zw